| 000 | 00431nam a2200181 a 4500 | ||
|---|---|---|---|
| 003 | DLC | ||
| 005 | 20210219152717.0 | ||
| 008 | 991125s1932 eua 000 0 eng u | ||
| 022 | _a0004-3931 | ||
| 035 | _aUPN01000059417 | ||
| 245 | 0 | 0 | _aARTS AND ACTIVITIES |
| 260 |
_aEUA : _bPublishers Development, _c1932 |
||
| 310 | _aMensual | ||
| 653 | 0 | _aARTE | |
| 653 | 0 | _aSALON DE CLASES | |
| 905 | _aRevista | ||
| 999 |
_c59402 _d59402 |
||